El enigma de Santa Eulalia de Bóveda / (Record no. 6916)

MARC details
000 -LEADER
campo de control de longitud fija 00638nam a2200193 i 4500
001 - NÚMERO DE CONTROL
campo de control C00007002c
005 - FECHA Y HORA DE LA ÚLTIMA TRANSACCIÓN
campo de control 20241029142751.0
008 - DATOS DE LONGITUD FIJA--INFORMACIÓN GENERAL
campo de control de longitud fija 940908s1970 sp f 001 0 spa d
080 ## - NÚMERO DE LA CLASIFICACIÓN DECIMAL UNIVERSAL
Número de la Clasificación Decimal Universal 726.54(461.13 Bóveda) Sta. Eulalia
100 1# - ENTRADA PRINCIPAL--NOMBRE DE PERSONA
Nombre de persona Fernández de la Vega, Celestino.
9 (RLIN) 5362
245 13 - MENCIÓN DEL TÍTULO
Título El enigma de Santa Eulalia de Bóveda /
Mención de responsabilidad, etc. Celestino Fernández de la Vega.
260 ## - PUBLICACIÓN, DISTRIBUCIÓN, ETC.
Lugar de publicación, distribución, etc. Lugo :
Nombre del editor, distribuidor, etc. Gráficas Bao,
Fecha de publicación, distribución, etc. 1970.
300 ## - DESCRIPCIÓN FÍSICA
Extensión [12] p., II h. de lám. col. ;
Dimensiones 24 cm.
650 #4 - PUNTO DE ACCESO ADICIONAL DE MATERIA--TÉRMINO DE MATERIA
Término de materia o nombre geográfico como elemento de entrada Iglesia de Santa Eulalia (Bóveda, España)
9 (RLIN) 5363
651 #4 - PUNTO DE ACCESO ADICIONAL DE MATERIA--NOMBRE GEOGRÁFICO
Nombre geográfico Bóveda (Lugo, España)
9 (RLIN) 5364
852 ## - LOCALIZACIÓN
Número de control de estantería F-2829
Holdings
Estatus retirado Estado de pérdida Estado de daño No para préstamo Colección Biblioteca de origen Biblioteca actual Ubicación en estantería Fecha de adquisición Fuente de adquisición Total de préstamos Signatura topográfica completa Código de barras Visto por última vez Precio de reemplazo Tipo de ítem Koha
          Real Academia de la Bellas Artes de San Fernando Real Academia de la Bellas Artes de San Fernando Depósito 1 08/09/1994 D   F-2829 1007714 15/10/2024 15/10/2024 Fondo moderno

Powered by Koha